The Law of international trade finance

Enregistré dans:
Détails bibliographiques
Format: Livre
Langue:Undetermined
Publié: Deventer, Netherlands Kluwer Law and Taxation Publishers 1989
Sujets:
Tags: Ajouter un tag
Pas de tags, Soyez le premier à ajouter un tag!
Thư viện lưu trữ: Trung tâm Học liệu Trường Đại học Cần Thơ
LEADER 00553nam a2200181Ia 4500
001 CTU_156238
008 210402s9999 xx 000 0 und d
082 |a 341.754 
082 |b L415 
245 4 |a The Law of international trade finance 
245 0 |c Edited by Norbert Horn 
260 |a Deventer, Netherlands 
260 |b Kluwer Law and Taxation Publishers 
260 |c 1989 
650 |a International finance,Export credit 
650 |x Law and legislation. 
904 |i Giang sửa 
980 |a Trung tâm Học liệu Trường Đại học Cần Thơ